Anglais 1er semestre GEA - Statistiques

Statistiques générales
  • Ce quiz a été pris 8 fois
  • Le résultat moyen est 6 sur 60
Statistiques - réponses
Hint Réponse % Correct
chaque each
63%
occupé busy
50%
loyer rent
50%
petit en taille small
50%
conseil advice
38%
entreprise (services) company
38%
coûts costs
38%
même si even if
38%
salaire (travail intellectuel) salary
38%
en fait actually
25%
publicité advertising
25%
actuellement currently
25%
quotidien daily
25%
facture invoice
25%
usine plant
25%
accord agreement
13%
petit en âge little
13%
prêt loan
13%
verbe pour obligation imposée must
13%
fournisseur supplier
13%
salaire (travail manuel) wage
13%
comptable accountant
0%
service comptable accounting department
0%
responsable comptable accounting manager
0%
au côtés de alongside
0%
route fréquentée busy road
0%
expert comptable chief accounting officer
0%
responsable financier chief financial officer
0%
plainte complaint
0%
monde de l'entreprise corporate world
0%
stage course
0%
personnalisé custom made
0%
avant gardiste cutting edge
0%
chef de service departmental head
0%
dépense ependiture
0%
materiel equipment
0%
état financier financial statement
0%
transactions financières financial transactions
0%
entreprise (biens) firm
0%
verbe pour obligation morale have to
0%
ont eu le droit is allowed
0%
technologie de pointe leading edge
0%
partir pour leaving for
0%
superieur hiérarchique line manager
0%
nouveauté novelty
0%
masse salariale payroll
0%
irrésolue purposelessness
0%
matières premières raw materials
0%
dépendre de quelqu'un reports to
0%
demission resignation
0%
cadre superieur senior executive
0%
filiale subsidiary
0%
taillé tailored
0%
dépendre de quelque chose to depend on something
0%
manipuler to handle
0%
mettre en oeuvre to implement
0%
traiter to process
0%
produire to produce
0%
demissionner to resign
0%
formation training
0%
Aucun quiz correspondant
Distribution des résultats
% des personnes avec chaque résultat
Percentile par nombre de réponses
Votre historique - résultats
Vous n’avez pas pris ce quiz